Heavy oil production processes / (Record no. 18731)
[ view plain ]
| 000 -LEADER | |
|---|---|
| fixed length control field | 00985cam a22002897a 4500 |
| 001 - CONTROL NUMBER | |
| control field | 17867474 |
| 005 - DATE AND TIME OF LATEST TRANSACTION | |
| control field | 20150513145657.0 |
| 008 - FIXED-LENGTH DATA ELEMENTS--GENERAL INFORMATION | |
| fixed length control field | 130827s2013 mauad frbd 000 0 eng d |
| 010 ## - LIBRARY OF CONGRESS CONTROL NUMBER | |
| LC control number | 2013427779 |
| 020 ## - INTERNATIONAL STANDARD BOOK NUMBER | |
| International Standard Book Number | 9780124017207 |
| 020 ## - INTERNATIONAL STANDARD BOOK NUMBER | |
| International Standard Book Number | 0124017207 |
| 040 ## - CATALOGING SOURCE | |
| Original cataloging agency | CNKEY |
| Transcribing agency | CNKEY |
| Modifying agency | OCLCO |
| -- | CDX |
| -- | IXA |
| -- | MEAUC |
| -- | DLC |
| -- | EG-ScBUE |
| 082 00 - DEWEY DECIMAL CLASSIFICATION NUMBER | |
| Edition number | 22 |
| Classification number | 622.33827 |
| Item number | SPE |
| 100 1# - MAIN ENTRY--PERSONAL NAME | |
| Personal name | Speight, James G. |
| 9 (RLIN) | 4382 |
| 245 10 - TITLE STATEMENT | |
| Title | Heavy oil production processes / |
| Statement of responsibility, etc | James G. Speight. |
| 260 ## - PUBLICATION, DISTRIBUTION, ETC. (IMPRINT) | |
| Place of publication, distribution, etc | Waltham, United States : |
| Name of publisher, distributor, etc | Elsevier : |
| -- | Gulf Professional Publishing, |
| Date of publication, distribution, etc | 2013. |
| 300 ## - PHYSICAL DESCRIPTION | |
| Extent | viii, 169 p. : |
| Other physical details | charts, tables ; |
| Dimensions | 23 cm. |
| 500 ## - GENERAL NOTE | |
| General note | Glossary : 149-169. |
| 500 ## - GENERAL NOTE | |
| General note | Transferred to digital printing 2013. |
| 504 ## - BIBLIOGRAPHY, ETC. NOTE | |
| Bibliography, etc | Includes bibliographical references. |
| 650 #7 - SUBJECT ADDED ENTRY--TOPICAL TERM | |
| Topical term or geographic name as entry element | Heavy oil. |
| Source of heading or term | BUEsh |
| 9 (RLIN) | 24669 |
| 650 #7 - SUBJECT ADDED ENTRY--TOPICAL TERM | |
| Topical term or geographic name as entry element | Enhanced oil recovery. |
| Source of heading or term | BUEsh |
| 9 (RLIN) | 28476 |
| 651 ## - SUBJECT ADDED ENTRY--GEOGRAPHIC NAME | |
| Source of heading or term | BUEsh |
| 653 ## - INDEX TERM--UNCONTROLLED | |
| Resource For college | Engineering, Petroleum |
| -- | Engineering, General |
| Arrived date list | December2014 |
| -- | May2015 |
| 655 ## - INDEX TERM--GENRE/FORM | |
| Form subdivision | |
| -- | 34232 |
| 942 ## - ADDED ENTRY ELEMENTS (KOHA) | |
| Source of classification or shelving scheme | Dewey Decimal Classification |
| Call number prefix | 622.33827 SPE |
| Withdrawn status | Item status | Source of classification or shelving scheme | Damaged status | Not for loan | Vendor | Home library | Current library | Shelving location | Date acquired | Source of acquisition | Cost, normal purchase price | Serial Enumeration / chronology | Total Checkouts | Full call number | Barcode | Date last seen | Cost, replacement price | Koha item type | Date last borrowed |
|---|---|---|---|---|---|---|---|---|---|---|---|---|---|---|---|---|---|---|---|
| Dewey Decimal Classification | Baccah | Central Library | Central Library | First floor | 08/12/2014 | 172.00 | 20677 | 622.33827 SPE | 000037124 | 15/07/2025 | 215.00 | Book - Borrowing | |||||||
| Dewey Decimal Classification | Alahram | Central Library | Central Library | First floor | 13/05/2015 | 243.00 | 321 | 1 | 622.33827 SPE | 000038221 | 15/07/2025 | 303.75 | Book - Borrowing | 22/10/2015 |